Divine essence and divine energies (Record no. 22950)
[ view plain ]
| 000 -LEADER | |
|---|---|
| fixed length control field | 01257nam a2200301 a 4500 |
| 082 04 - DEWEY DECIMAL CLASSIFICATION NUMBER | |
| Classification number | 281.9 |
| 245 00 - TITLE STATEMENT | |
| Title | Divine essence and divine energies |
| 260 ## - PUBLICATION, DISTRIBUTION, ETC. (IMPRINT) | |
| Place of publication | Cambridge : |
| Name of publisher | James Clarke & Co., |
| Year of publication | 2013. |
| 300 ## - PHYSICAL DESCRIPTION | |
| Number of Pages | 288 p. |
| 700 1# - ADDED ENTRY--PERSONAL NAME | |
| Personal name | Athanasopoulos, Constantinos. |
| Personal name | Schneider, Christoph. |
| 856 40 - ELECTRONIC LOCATION AND ACCESS | |
| Uniform Resource Identifier | http://site.ebrary.com/lib/rucke/Doc?id=10697020 |
No items available.
